000 00599nam a2200193Ia 4500
003 GCL
008 140319s9999 xx 000 0 ara d
020 _a7141245977
040 _aGCL /
_cGCL
082 0 4 _a659.2
_bف ع
100 1 _aفؤادة البكرى
245 1 0 _aالعلاقات العامة بين التخطيط والاتصال /
_cفؤادة البكرى
260 _aالقاهرة :
_bدار نهضة الشرق ،
_c2001
300 _a283 ص ؛
_c24 سم
650 0 4 _aالعلاقات العامة
650 0 4 _aالاتصال
650 0 4 _aالاعلام
942 _2ddc
_cBK
999 _c5229
_d5229